000 00276nam a22001217a 4500
082 _a823
_bBLY/A
100 _aBLYTON, ENID
245 _aAMELIA JANE GETS INTO TROUBLE
260 _aSINGAPORE
_bMAMMOTH
_c1995
300 _a130
650 _aENGLISH STORY
_zSINGAPORE
942 _cBK
999 _c7234
_d7234